Countries That Start With D - Statistics

General Stats
  • This quiz has been taken 29 times
  • The average score is 4 of 5
Answer Stats
Country % Correct
Denmark
96%
Dominican Republic
77%
Dominica
73%
Djibouti
69%
Democratic Republic Of the Congo
54%
No matching quizzes found
Score Distribution
Percent of People with Each Score
Percentile by Number Answered
Your Score History
You have not taken this quiz